LEADER 00792nam2-22002771i-450- 001 990001352530403321 035 $a000135253 035 $aFED01000135253 035 $a(Aleph)000135253FED01 035 $a000135253 100 $a--------d--------km-y0itay50------ba 101 0 $aeng 200 1 $a<>History of Chemistry$fBy the Late J.R. Partington 210 $aLondon$aNew York$cMacmillan$cSt. Martin's Press$d1970 300 $aVol. 1 Part 1: Theoretical Background 461 1$1001000135252 610 0 $aStoria della scienza 676 $a509 700 1$aPartington,$bJonathan R.$028204 801 0$aIT$bUNINA$gRICA$2UNIMARC 901 $aBK 912 $a990001352530403321 952 $a6-126$b$fFI1 959 $aFI1 996 $aHistory of Chemistry$9375655 997 $aUNINA LEADER 01058nam0 22002771i 450 001 UON00051816 005 20231205102229.209 100 $a20020107d1948 |0itac50 ba 101 $aeng 102 $aGB 105 $a|||| 1|||| 200 1 $aˆA ‰short history of the chinese people$fL. Carrington Goodrich 210 $aLondon$cGeorge Allen & Unwin Ltd$d1948 215 $aXII, 260 p.$d20 cm 606 $aCINA$xStoria$3UONC001682$2FI 620 $aGB$dLondon$3UONL003044 686 $aCIN IV$cCINA - STORIA$2A 700 1$aGOODRICH$bL. Carrington$3UONV007854$0648031 712 $aUnwin Books$3UONV247170$4650 801 $aIT$bSOL$c20240220$gRICA 899 $aSIBA - SISTEMA BIBLIOTECARIO DI ATENEO$2UONSI 912 $aUON00051816 950 $aSIBA - SISTEMA BIBLIOTECARIO DI ATENEO$dSI CIN IV 038 $eSI MR 33533 5 038 966 $aSHANGHAI (CINA) - STORIA$yCINA - Storia$3UONC007998 996 $aShort history of the chinese people$91145212 997 $aUNIOR LEADER 01912oas 2200625 a 450 001 9910139106103321 005 20250920213016.0 035 $a(DE-599)ZDB2696386-3 035 $a(OCoLC)700325330 035 $a(CONSER) 2013235020 035 $a(CKB)2560000000084310 035 $a(EXLCZ)992560000000084310 100 $a20110203b19251962 uy 101 0 $aeng 135 $aurbn||||||abp 181 $ctxt$2rdacontent 182 $cc$2rdamedia 183 $acr$2rdacarrier 200 10$aMiscellanies /$fJewish Historical Society of England 210 1$aLondon :$cPrinted for the Society by Spottiswoode, Ballantyne & Co.,$d1925-1962. 215 $a1 online resource 300 $a"Contains notes and documents which were not read at meetings of the society ... Members of the society received all these Miscellanies in detail as they were printed, but they are now issued in volume form"--Preface. 311 1 $a2047-234X 517 1 $aMiscellanies of the Jewish Historical Society of England 606 $aJews$vPeriodicals 606 $aJews$zGreat Britain$vPeriodicals 606 $aJews$2fast$3(OCoLC)fst00983135 607 $aGreat Britain$2fast$1https://id.oclc.org/worldcat/entity/E39PBJdmp7p3cx8hpmJ8HvmTpP 608 $aCzasopismo historyczne.$2dbn 608 $aPeriodicals.$2fast 608 $aSerial publications.$2lcgft 615 0$aJews 615 0$aJews 615 7$aJews. 712 02$aJewish Historical Society of England, 801 0$bOCLCE 801 1$bOCLCE 801 2$bEYM 801 2$bOCLCQ 801 2$bHUL 801 2$bOCLCF 801 2$bOCLCQ 801 2$bAU@ 801 2$bOCL 801 2$bVT2 801 2$bOCLCQ 801 2$bQGK 801 2$bOCLCO 801 2$bOCLCL 801 2$bWAU 801 2$bOCLCL 906 $aJOURNAL 912 $a9910139106103321 996 $aMiscellanies$91208494 997 $aUNINA